| 000 | 01239nam a22003731i 4500 | ||
|---|---|---|---|
| 999 |
_c852 _d852 |
||
| 001 | 020647221 | ||
| 003 | UkOxU | ||
| 005 | 20191223143115.0 | ||
| 008 | 160411s2016 enka j 001|0|eng|d | ||
| 015 |
_aGBB675675 _2bnb |
||
| 016 | 7 |
_a017869741 _2Uk |
|
| 020 | _a9781407165615 (pbk.) : | ||
| 035 | _a(Uk)017869741 | ||
| 040 |
_aStDuBDS _beng _erda _cStDuBDS _dUk |
||
| 042 | _aukblsr | ||
| 082 | 0 | 4 |
_a942 DEA _223 |
| 100 | 1 |
_aDeary, Terry, _eauthor. |
|
| 245 | 1 | 0 |
_aSmashing Saxons / _cTerry Deary ; illustrated by Martin Brown. |
| 264 | 1 |
_aLondon : _bScholastic, _c2016. |
|
| 300 |
_a1 volume ; 139 p. : _billustrations (black and white). ; _c20 cm. |
||
| 336 |
_atext _2rdacontent |
||
| 336 |
_astill image _2rdacontent |
||
| 337 |
_aunmediated _2rdamedia |
||
| 338 |
_avolume _2rdacarrier |
||
| 490 | 0 | _aHorrible histories | |
| 500 | _aPrevious edition: 2000. | ||
| 500 | _aIncludes index. | ||
| 500 |
_aFormerly CIP. _5Uk |
||
| 650 | 0 |
_aSaxons _zEngland _vJuvenile literature. |
|
| 651 | 0 |
_aGreat Britain _xHistory _yAnglo-Saxon period, 449-1066 _vJuvenile literature. |
|
| 651 | 0 |
_aGreat Britain _xHistory _yNorman period, 1066-1154 _vJuvenile literature. |
|
| 700 | 1 | 0 |
_aBrown, Martin, _d1959- _eillustrator. |
| 942 |
_2ddc _cNFIC |
||